00823nam a2200205Ia 4500001000700000003000500007008004100012010001100053020002200064040000900086082002400095245015100119260003500270300001100305500012100316503001800437504002700455700004600482710008900528Z_6179CHAP220113s2007 xx 000 0 und d a169414 a978-968-02-0427-4 cCHAP a636.080972 S57 2006 aSistemas de producción de no rumiantes y especies menores: resultados de investigación 2006 /ccoordinadora Leticia Myriam Sagarnaga Villegas aMéxico :bUACh, CICA,c2007 a169 p. aPrograma Universitario de investigación en Sistemas de Producción de No Rumiantes y Especies Menores (NO-RU-MEN) aej.1- ej.3: ? aIncluye bibliografía aSagarnaga Villegas, Leticia Myriam, coor. aUniversidad Autónoma Chapingo \ Centro de Investigación en Ciencia Animal (CICA)